Statistics for Biggest cities starting with A and C on a map

Click here to take the quiz!

General Stats

  • This quiz has been taken 160 times
  • The average score is 13 of 15

Answers on the Map

Answers color-coded by a green-red scale on the quiz's map according to % correct below.
 

Answer Stats

LetterPopulationAnswer% Correct
A5.7 MAlexandria
98%
B9.8 MBogotá
98%
C20.5 MCairo
98%
B16.3 MBuenos Aires
96%
A5.8 MAtlanta
95%
C9.75 MChicago
93%
C5.00 MCologne / Dusseldorf
93%
B18.3 MBangkok
92%
B20.4 MBeijing
89%
A5.45 MAmman
88%
B11.8 MBangalore
84%
A5.45 MAbidjan
78%
A8.25 MAhmedabad
78%
C9.8 MChengdu
68%
C8.05 MChongqing
63%

Score Distribution

Percentile by Number Answered

Percent of People with Each Score

Your Score History

You have not taken this quiz